MES catcheurs préférés - Statistiques

Statistiques générales
  • Ce quiz a été pris 118 fois
  • Le résultat moyen est 6 sur 15
Statistiques - réponses
Hint Réponse % Correct
7 Randy Orton
86%
3 Roman Reigns
78%
1 Seth Rollins
73%
13 Dean Ambrose
55%
15 Becky Lynch
40%
12 Kevin Owens
40%
4 Finn Balor
37%
9 AJ Styles
33%
2 Sasha Banks
29%
6 Bayley
27%
14 Bray Wyatt
27%
11 Ricochet
20%
10 Montez Ford
6%
8 Tiffany Stratton
6%
5 Wes Lee
3%
Aucun quiz correspondant
Distribution des résultats
% des personnes avec chaque résultat
Percentile par nombre de réponses
Votre historique - résultats
Vous n’avez pas pris ce quiz